000
00335nam a2200145Ia 4500
008
150201s2010 xx 000 0 und d
082
_a
611
_b
H10S
100
_a
SHARMA , SURESH K.
245
_a
HUMAN GENETICS IN NURSES
250
_a
2ND
260
_b
JAYPEE
_a
DELHI
_c
2010
300
_a
357
650
_a
ANATOMY
942
_2
ddc
_c
BK
_0
4
999
_c
2093
_d
2093